Geography and History of Paris on a Map - Statistics

General Stats
  • This quiz has been taken 212 times
  • The average score is 15 of 50
Answers on the Map
Answers color-coded by a green-red scale on the quiz's map according to % correct below.
 
Answer Stats
Answer % Correct
Eiffel Tower
78%
Seine River
72%
Arc de Triomphe
62%
Claude Monet
61%
Avenue des Champs-Élysées
57%
Édith Piaf
53%
Sacré-Cœur
51%
Gare du Nord
46%
Place de la Concorde
44%
Les Invalides
43%
Macaron
42%
Jardin du Luxembourg
41%
Panthéon
41%
Croque Monsieur
38%
Jean-Paul Sartre
38%
Musée d'Orsay
36%
Steak Tartare
34%
Bois de Boulogne
33%
Louis Philippe I
33%
Palais Garnier
33%
Parc des Princes
33%
Tuileries Garden
33%
Battle of Lutetia
31%
Tour Montparnasse
27%
Champ de Mars
26%
Bourse
23%
Hôtel de Ville
23%
Sainte-Chapelle
23%
Storming of the Bastille
23%
Avenue Victor-Hugo
22%
Catherine Deneuve
22%
Rue de Rivoli
22%
Sophie Marceau
22%
Bois de Vincennes
20%
Place de la République
20%
Jacques-Louis David
18%
Place des Vosges
17%
Canal Saint-Martin
15%
Place de la Nation
15%
Palais Bourbon
14%
Louis Antoine de Bougainville
12%
Passy
12%
Edgar Degas
11%
Butte-Montmartre
9%
Gobelins
8%
Jacques Laffite
8%
Church of Saint-Sulpice
7%
Reuilly
5%
Charles-Pierre Augereau
2%
Rue Montorgueil
1%
No matching quizzes found
Score Distribution
Percent of People with Each Score
Percentile by Number Answered
Your Score History
You have not taken this quiz